000 00473nam a2200181Ia 4500
005 20250423101324.0
008 250422s9999 xx 000 0 und d
020 _a9783486004
050 _aBF 637.S8 .M35/
100 _aMaltz, Maxwell
245 4 _aThe magic power of self image psychology: the new way to a bright, full life.
260 _aNigeria
260 _bGospel Press & Lit. Int.
260 _c1999
300 _a216 p
650 _aSuccess.
942 _cBK
999 _c35965
_d35965